<?xml version="1.0" encoding="UTF-8"?>
<collection xmlns="http://www.loc.gov/MARC21/slim">
  <record>
    <leader>00000nam  2200000   4500</leader>
    <controlfield tag="001">INLIS000000000002444</controlfield>
    <controlfield tag="005">20180724145337</controlfield>
    <controlfield tag="008">180724|||||||||   |   |||   |||| ||   | </controlfield>
    <datafield tag="035" ind1=" " ind2=" ">
      <subfield code="0">010-0718002444</subfield>
    </datafield>
    <datafield tag="041" ind1=" " ind2=" ">
      <subfield code="a">id</subfield>
    </datafield>
    <datafield tag="082" ind1=" " ind2=" ">
      <subfield code="a">09</subfield>
    </datafield>
    <datafield tag="090" ind1=" " ind2=" ">
      <subfield code="a">09 PIM I 2017</subfield>
    </datafield>
    <datafield tag="100" ind1=" " ind2=" ">
      <subfield code="a">Kuswardono</subfield>
    </datafield>
    <datafield tag="245" ind1=" " ind2=" ">
      <subfield code="a">Kebijakan Peningkatan Akses Kepemilikan Rumah Bagi Masyarakat Berpenghasilan Rendah (MBR) Di Kawasan Perkotaan Melalui SKIM Sewa-Beli</subfield>
    </datafield>
    <datafield tag="260" ind1=" " ind2=" ">
      <subfield code="a">Jakarta</subfield>
      <subfield code="b">LAN  Jakarta</subfield>
      <subfield code="c">2017</subfield>
    </datafield>
    <datafield tag="300" ind1=" " ind2=" ">
      <subfield code="a">vii; 23 hlm.; Lamp.; 30 cm</subfield>
    </datafield>
    <datafield tag="500" ind1=" " ind2=" ">
      <subfield code="a">Mengatasi masalah keterbatasan akses terhadap rumah bagi Masyarakat Berpenghasilan Rendah Pemerintah telah membuat terobosan agar Rusun Sewa yang telah dibangun oleh Pemerintah dapat dimiliki melalui skim sewa-beli. Salah satu manfaat pembangunan ini adalah mengurangi biaya transportasi, sehingga akan memberi dampak ekternal seperti peningkatan produktifitas, pengurangan sumberdaya nasional dan menekan kemacetan kawasan perkotaan.&#13;
Melalui proyek perubahan Kebijakan Peningkatan Akses Kepemilikan Rumah bagi Masyarakat Berpenghasilan Rendah (MBR) di Kawasan Perkotaan melalui Skim sewa-beli, ini telah dihasilkan Konstruksi hukum kepemilikan Rumah Susun Sewa Beli dan mendapat persetujuan Menteri PUPR untuk diproses lebih lanjut.</subfield>
    </datafield>
    <datafield tag="650" ind1=" " ind2=" ">
      <subfield code="a">Berpenghasilan Rendah</subfield>
    </datafield>
  </record>
</collection>
